Zber údajov pre analýzu pomocou technológií Big Data diplomová práca

Saved in:
Bibliographic Details
Main Author: Halas, Filip
Corporate Author: Fakulta hospodárskej informatiky EU. Katedra aplikovanej informatiky
Other Authors: Kultan, Jaroslav, 1960-
Format: Book
Language:Slovak
Published: Bratislava 2025
Tags: Add Tag
No Tags, Be the first to tag this record!

MARC

LEADER 00000nbm a2200000 4500
001 0310540
005 20251121124622.8
041 0 |a slo 
044 |a SK 
245 1 0 |a Zber údajov pre analýzu pomocou technológií Big Data  |b diplomová práca  |c Filip Halas ; školiteľ: Jaroslav Kultan 
264 1 |a Bratislava  |c 2025 
300 |a 77 s. 
100 1 |a Halas, Filip 
700 1 |a Kultan, Jaroslav, 1960- 
710 2 |a Fakulta hospodárskej informatiky EU. Katedra aplikovanej informatiky